[Trade mission to Europe by Edward T. Pickard, Chief, Textile Division of Bureau of Foreign and Domestic Commerce; report to National Council of American Cotton Manufacturers].

Bibliographic Details
Corporate Authors: United States. Bureau of Foreign and Domestic Commerce, National Council of American Cotton Manufacturers
Other Authors: Pickard, Edward Thomas, 1885-
Format: Government Document eBook
Language:English
Published: [Washington?] : U.S. Government Printing Office, 1922.
Subjects:
Online Access:Connect to the full text of this electronic document

MARC

Tag First Indicator Second Indicator Subfields
LEADER 00000cam a22000001a 4500
001 in00003687913
005 20190408174941.0
006 m o d f
007 cr bn mmmapmmp
008 040714s1922 dcu o f000 0 eng d
035 |a ebd1910204776 
040 |a UMI  |c UMI  |d UtOrBLW 
086 0 |a C 18.2:T 31 
099 |a C18.2-81 
245 0 0 |a [Trade mission to Europe by Edward T. Pickard, Chief, Textile Division of Bureau of Foreign and Domestic Commerce; report to National Council of American Cotton Manufacturers]. 
264 1 |a [Washington?] :  |b U.S. Government Printing Office,  |c 1922. 
300 |a 1 online resource (5 pages) 
336 |a text  |b txt  |2 rdacontent 
337 |a computer  |b c  |2 rdamedia 
338 |a online resource  |b cr  |2 rdacarrier 
500 |a Record is based on bibliographic data in ProQuest U.S. Executive Branch Documents, 1910-1932. Reuse except for individual research requires license from ProQuest, LLC. 
533 |a Electronic reproduction.  |b [Bethesda, Md.] :  |c ProQuest,  |d 2012.  |e digital, PDF file.  |n ProQuest U.S. Executive Branch Documents, 1910-1932.  |n Mode of access: World Wide Web via ProQuest website. 
538 |a System requirements: PDF reader software. 
500 |a Electronic resource. 
650 0 |a Commerce.  |0 http://id.loc.gov/authorities/subjects/sh85028901 
655 7 |a Electronic books.  |2 local 
700 1 |a Pickard, Edward Thomas,  |d 1885- 
710 1 |a United States.  |b Bureau of Foreign and Domestic Commerce.  |0 http://id.loc.gov/authorities/names/n78091156 
710 2 |a National Council of American Cotton Manufacturers. 
776 1 8 |i Microfiche version:  |t [Trade mission to Europe by Edward T. Pickard, Chief, Textile Division of Bureau of Foreign and Domestic Commerce; report to National Council of American Cotton Manufacturers]  |o CIS US Exec MF C18.2-81  |w (ProQuest)cis19122173 
856 4 0 |u http://proxy.library.tamu.edu/login?url=http://congressional.proquest.com/congressional/docview/t66.d71.c18.2-81  |z Connect to the full text of this electronic document  |t 0 
999 f f |s b209b182-df30-33c3-8765-e624ffd8d7dd  |i 3392bdd4-2d88-395d-bce7-733573e508ec  |t 0 
952 f f |a Texas A&M University  |b College Station  |c Electronic Resources  |d Available Online  |t 0  |h No information provided 
998 f f |t 0  |l Available Online